000 01057nam a22002057a 4500
003 JO-AjAnu
005 20240921100424.0
008 240918b jo ||||| |||| 00| 0 ara d
040 _aJO-AjAnu
_bara
_cJO-AjAnu
_erda
041 _aara
_hara
050 _aPJ7542
_b2024
100 1 _aالزواهرة، ربى محمد علي
_eمعد
_966223
245 0 _aشعرية قصيدة التفاصيل-كتاب الحصار ومديح الظل العالي نموذجا = The poetics of 'Details of the poem': The Siege Book' and 'The Praise of the High Shadow' as Models /
_cاعداد ربى محمد علي الزواهرة ؛ اشراف عبدالرحيم المراشدة
260 _c2024
300 _a145 ورقة
504 _aرسالة جامعية( ماجستير في اللغة العربية) -(جامعة عجلون الوطنية) عجلون،الاردن، كلية الاداب، 2024.
650 7 0 _aالنثر العربي-تاريخ ونقد
_966224
700 1 _aمراشدة، عبدالرحيم
_963488
_eمشرف
942 _2lcc
_cTHS
_n0
999 _c33692
_d33692